| 000 | 00652cam a2200229 a 4500 | ||
|---|---|---|---|
| 999 |
_c5932 _d5932 |
||
| 001 | 3584 | ||
| 003 | BD-DhUAP | ||
| 005 | 20201223111224.0 | ||
| 008 | 201222s1998 nyuabf b f000 0 eng | ||
| 020 | _a0070430144 | ||
| 040 |
_aBD-DhUAP _cBD-DhUAP _dBD-DhUAP _bEng |
||
| 082 |
_a658.4012 MIL _223 |
||
| 100 | _aMiller, Alex. | ||
| 245 |
_aStrategic management / _cAlex Miller. |
||
| 250 | _a3rd ed. | ||
| 260 |
_aBoston : _bIrwin/McGraw-Hill, _cc1998. |
||
| 300 |
_avarious pages : _billustrations ; _c23 cm. |
||
| 500 | _aIncludes index. | ||
| 650 | _aStrategic planning. | ||
| 942 |
_2ddc _cBK |
||